000 00870nam a2200217 a 4500
001 000889741
003 AM-YeHGA
005 20250617145411.0
008 120507s1973 ru r 000 0 rus d
040 _aAM-YeHGA
041 0 _arus
100 1 _aОванесов, Гурген Павлович
245 1 0 _aСовершенствование разработки нефтяных месторождений /
_cГ.П. Ованесов, Э. М. Халимов, М. Г. Ованесов.
260 _aМосква :
_bНедра,
_c1973.
300 _a192 с.
504 _aБиблиогр.: с. 187-190
653 0 _aНефтяная промышленность - Разработка месторождений
700 1 _aХалимов, Элих Мазитович
700 1 _aОванесов, Михаил Гургенович
090 _c312872
999 _c311154
_d311154